000 01349nam a2200229Ii 4500
003 JO-AjNU
005 20240113153450.0
008 230605s9999||||xx |||||||||||||| ||und||
017 _a2000/6/2037
040 _aJO-AjNU
_bara
_erda
_cJO-AjNU
041 _aara
050 1 4 _aDS154.53.W37 2000
100 3 _aعبدالله بن الحسين بن علي، ملك الأردن، 1988 - 1951؛ اشراف البخيت، محمد عدنان، جمع وإعداد محمد عدنان البخيت، جمع وإعداد هند غسان أبو الشعر، جمع وإعداد نوفان رجا السوارية، جمع وإعداد بكر خازر المجالي,
_eauthor
_955883
245 0 0 _aالوثائق الهاشمية: أوراق عبدالله بن الحسين : خط التابلاين خط أنابيب البترول عبر البلاد العربية 1371- 1378هجري/1951-1959م، مج 14، القسم 2
264 3 1 _aالمفرق: جامعة ال البيت، 2000
300 _aمج 14، القسم 2، 511ص
336 _atext
_btxt
_2rdacontent
337 _aunmediated
_bn
_2rdamedia
338 _avolume
_bnc
_2rdacarrier
650 4 _aالاردن - تاريخ - الملك عبدالله بن الحسين الاول - خط أنابيب البترول عبر البلاد العربية 1951-1959 م
_955884
942 _2lcc
_cREF
999 _c28522
_d28522